| 000 | 00665nam a2200205Ia 4500 | ||
|---|---|---|---|
| 003 | OSt | ||
| 005 | 20211008120019.0 | ||
| 008 | 210310s1988 ck gr 000 0 spa d | ||
| 040 |
_aCO-JMCR _cCO-JMCR |
||
| 041 | 0 | _aspa | |
| 082 | 0 | 4 |
_a338.17373 / _bS474r _223 |
| 110 | 2 |
_aColombia. _bSenado de la Republica _94415 |
|
| 245 | 1 | 0 |
_aReunión cafetera / _cSenado de la Republica |
| 260 |
_aColombia : _bSolo impresiones, _c1988. |
||
| 300 |
_a129 páginas ; _c22 cm. |
||
| 650 | 1 | 4 |
_aReunión cafetera _zColombia _941045 |
| 650 | 2 | 4 |
_aProblemática Nacional _xCafé _zColombia _941046 |
| 650 | 2 | 4 |
_aProblematica internacional _xCafé _zColombia _941047 |
| 942 |
_2ddc _cBK |
||
| 999 |
_c12642 _d12642 |
||